000 00585nam a2200229Ia 4500
003 OSt
005 20220928101852.0
006 a|||||r|||| 00| 0
007 ta
008 220927b |||||||| |||| 00| 0 eng d
024 _a15512
037 _cTextual
040 _aSDCL
_cSDCL
_beng
041 _2eng
_aeng
082 _aNQwI52, P8
100 _aMishra Vinod Kumar
_9395545
245 0 _aLionardo da Vinchi.
260 _aDelhi
_bGyan Ganga
_c2008
300 _a130p
_ccm.
942 _hNQwI52, P8
_cTEXL
_2CC
999 _c711195
_d711195